[Event "Avoine op 23rd"]
[Site "Avoine"]
[Date "2008.07.24"]
[Round "6"]
[White "Le Corre, Benjamin"]
[Black "Le Talbodec, Emmanuel"]
[Result "1/2-1/2"]
[WhiteElo "2270"]
[BlackElo "1972"]
[PlyCount "256"]
[EventDate "2008.07.19"]
[EventType "swiss"]
[EventRounds "9"]
[EventCountry "FRA"]
[SourceTitle "CBM 125 Extra"]
[Source "ChessBase"]
[SourceDate "2008.09.01"]
[SourceVersion "1"]
[SourceVersionDate "2008.09.01"]
[SourceQuality "1"]

1. e4 c5 2. Nf3 d6 3. d4 cxd4 4. Nxd4 g6 5. Nc3 Bg7 6. Be3 Nc6 7. Qd2 Nf6 8. f3 0-0 9. 0-0-0 Nxd4 10. Bxd4 Be6 11. Kb1 Qa5 12. Nd5 Qxd2 13. Nxe7+ Kh8 14. Rxd2 Rfe8 15. Bxf6 Bxf6 16. Nd5 Bd8 17. Bc4 Rc8 18. Bb3 Rc5 19. c3 Kg7 20. g3 f5 21. Nf4 Bxb3 22. axb3 fxe4 23. fxe4 Bc7 24. Re1 Rce5 25. Rde2 g5 26. Nd5 Bb8 27. Kc2 Rf8 28. Ne3 Rf3 29. Nf5+ Kf7 30. Re3 Rf2+ 31. R1e2 Rf1 32. g4 Rf4 33. h3 a6 34. Ng3 Ke6 35. c4 Ba7 36. Rd3 Bc5 37. Kc3 a5 38. Kc2 Bb4 39. Kd1 Bc5 40. Rg2 Bb4 41. Ke2 Bc5 42. Rf3 Rxf3 43. Kxf3 Kd7 44. Rd2 Bb4 45. Rd5 b6 46. Ne2 h6 47. Nd4 Re8 48. Nf5 Re6 49. Ne3 Bc5 50. Rf5 Bxe3 51. Kxe3 Kc6 52. Kd4 Rg6 53. Rf7 Re6 54. Rf8 Rg6 55. Rf5 Re6 56. h4 gxh4 57. Rh5 h3 58. Rxh3 Rg6 59. Rh4 Rg5 60. Kd3 Rg6 61. Ke3 Rf6 62. Rh5 Rg6 63. Kf4 Rf6+ 64. Rf5 Re6 65. Rf8 Rg6 66. Rf5 Re6 67. e5 dxe5+ 68. Rxe5 Rf6+ 69. Ke3 Rg6 70. Rh5 Rxg4 71. Rxh6+ Kc5 72. Rh5+ Kc6 73. Kd3 Rg3+ 74. Kc2 Rg1 75. Rb5 Rg4 76. Kb1 Rg1+ 77. Ka2 Rc1 78. Rh5 Rc2 79. Rh6+ Kb7 80. Kb1 Rg2 81. Rd6 Kc7 82. Rd5 Kc6 83. Kc1 Rf2 84. Rd2 Rf4 85. Kc2 Rf3 86. Rd3 Rf2+ 87. Kc3 Rf1 88. b4 Rc1+ 89. Kb3 axb4 90. Kxb4 Rb1 91. b3 Rh1 92. Rg3 Rh6 93. Rg4 Rf6 94. Ka4 Rh6 95. b4 Rf6 96. Rg3 Rh6 97. Rf3 Rg6 98. Rf5 Rh6 99. b5+ Kc7 100. Kb4 Rh7 101. Kc3 Rd7 102. Rf6 Kb7 103. Rf4 Kc7 104. Rd4 Re7 105. Kd3 Re1 106. Re4 Rd1+ 107. Ke3 Rd7 108. Re6 Kb7 109. Ke4 Rc7 110. Kd5 Rd7+ 111. Ke5 Rc7 112. Kd5 Rd7+ 113. Rd6 Rh7 114. Rf6 Rc7 115. Rf4 Rh7 116. Ke6 Rh6+ 117. Ke7 Rh1 118. Rf7 Rd1 119. Ke6+ Kc8 120. Ke5 Rd2 121. Rf6 Kc7 122. Rc6+ Kb7 123. Rd6 Re2+ 124. Kd5 Re7 125. Rd8 Rc7 126. Re8 Rc5+ 127. Kd4 Rc7 128. Re5 Rh7 1/2-1/2

[Event "Angers op 2nd"]
[Site "Angers"]
[Date "2007.04.14"]
[Round "4.28"]
[White "Le Talbodec, Emmanuel"]
[Black "Tonal, Jean Jacques"]
[Result "1/2-1/2"]
[WhiteElo "1810"]
[BlackElo "1560"]
[PlyCount "26"]
[EventDate "2007.04.13"]
[EventType "swiss"]
[EventRounds "6"]
[EventCountry "FRA"]
[SourceTitle "CBM 117 Extra"]
[Source "ChessBase"]
[SourceDate "2007.05.09"]
[SourceVersion "1"]
[SourceVersionDate "2007.05.09"]
[SourceQuality "1"]

1. d4 f5 2. c4 Nf6 3. Nf3 b6 4. Nc3 Bb7 5. Bg5 e6 6. e3 Bb4 7. Bd3 0-0 8. 0-0 Bxc3 9. bxc3 Qe8 10. Nd2 Qg6 11. h4 h6 12. f4 hxg5 13. fxg5 Ne4 1/2-1/2

[Event "Fouesnant op 11th"]
[Site "Fouesnant"]
[Date "2005.10.26"]
[Round "6"]
[White "Chetail, Jean Louis"]
[Black "Le Talbodec, Emmanuel"]
[Result "0-1"]
[WhiteElo "1530"]
[BlackElo "1910"]
[PlyCount "78"]
[EventDate "2005.10.22"]
[EventType "swiss"]
[EventRounds "9"]
[EventCountry "FRA"]
[SourceTitle "EXT 2007"]
[Source "ChessBase"]
[SourceDate "2006.11.23"]
[SourceVersion "1"]
[SourceVersionDate "2006.11.23"]
[SourceQuality "1"]

1. d4 c5 2. d5 e6 3. c4 b5 4. e4 exd5 5. cxd5 d6 6. Bxb5+ Bd7 7. Bc4 g6 8. Bf4 Qb6 9. Qb3 Qxb3 10. axb3 Nf6 11. e5 dxe5 12. Bxe5 Be7 13. Ra5 0-0 14. d6 Bd8 15. Rxc5 Ne4 16. Bd5 Nxc5 17. Bxa8 Nd3+ 18. Kd2 Nxe5 19. f3 Ba5+ 20. Ke3 Re8 21. Be4 f5 22. Bd5+ Kg7 23. Nh3 Ng4+ 24. Kf4 Ne3 25. Bb7 Nxg2+ 26. Kg3 Re1 27. Rxe1 Nxe1 28. Nf4 Bb4 29. h4 Bxd6 30. Kf2 Bxf4 31. Kxe1 Bg3+ 32. Ke2 Bxh4 33. f4 Bf6 34. Nc3 Nc6 35. Kd3 Ne7 36. Nd5 Nxd5 37. Bxd5 Bxb2 38. Ke3 a5 39. Kf3 Kf6 0-1